Christian ethics (Record no. 4048)

MARC details
000 -LEADER
fixed length control field 00362nam a22001457a 4500
008 - FIXED-LENGTH DATA ELEMENTS--GENERAL INFORMATION
fixed length control field 250702b |||||||| |||| 00| 0 eng d
020 ## - INTERNATIONAL STANDARD BOOK NUMBER
ISBN 9789789050147
100 ## - MAIN ENTRY--AUTHOR
Author Shieids Norman
245 ## - TITLE STATEMENT
Title Christian ethics
260 ## - PUBLICATION, DISTRIBUTION, ETC. (IMPRINT)
Place of publication plateau
Name of publisher Africa Christian textbooks
Date of publication 2014
300 ## - COLLATION
Pagination 303p.
650 ## - TRACINGS
Main Subject Christian ethics
942 ## - ADDED ENTRY ELEMENTS (KOHA)
Item type Books
050 ## - LIBRARY OF CONGRESS CALL NUMBER
Classification number BJ1251
Item number .S45
Holdings
Source of classification or shelving scheme Not for loan Permanent location Current location Date acquired Accession No. Full call number Barcode. Koha item type
Library of Congress Classification   Samuel Ogbemudia Main Library, University of Abuja Samuel Ogbemudia Main Library, University of Abuja 07/02/2025 2025/64856-57 BJ1251.S45 2025-2769 Books
Library of Congress Classification   Samuel Ogbemudia Main Library, University of Abuja Samuel Ogbemudia Main Library, University of Abuja 07/02/2025 2025/64856-57 BJ1251.S45 2025-2770 Books